Dbajme na správne zazimovanie včelstiev!

Bibliographic Details
Main Author: Bubenko, Imrich (Author)
Format: Article
Language:Slovak

MARC

LEADER 00000nab a2200000ua 4500
001 vtls010784447
003 SK-MaSNL
005 20260303120228.0
008 230131s1975 xo |||||||||||||||||slo|
035 |a (urnnbn)urn:nbn:sk:snk:ar-a0028x 
035 |a (uuid)fa386e33-111b-4b68-8cd2-310a33d99ac2 
035 |a urn:nbn:sk:snk-ab4zfr 
040 |a SNKBUCL  |b slo  |c SNKBUCL  |e AACR2 
041 0 |a slo 
044 |a xo  |c SK 
100 1 |a Bubenko, Imrich  |4 aut  |9 1132653 
245 1 0 |a Dbajme na správne zazimovanie včelstiev!  |c Imrich Bubenko 
773 0 |t Včelár : odborný časopis Povereníctva poľnohospodárstva a lesného hospodárstva a Ústredia včelárskych združení na Slovensku  |g Roč. 49, č. 9 (1975), s. 200 
954 |a odborná, vedecká literatúra pôvodná (slovenská)  |2 lita 
958 |a OND 
958 |a EUIPO 
958 |a article3 
999 |c 1908176  |d 1910106